00481nam a2200193Ia 4500008004100000020001800041245002300059245003700082260001500119260001600134260000900150300001600159300003600175300001000211440003300221440000600254500000800260999001900268170705s9999 xx 000 0 und d a9780689859373 4aThe seeing stone / cTony DiTerlizzi and Holly Black. aNew York : bScholastic, c2003 a108 pages : bblack and white illustrations ; c19cm. aThe spiderwick chronicles ;  v2 a560 c336907d336907